All countries that have green in their flag - Statistics

General Stats
  • This quiz has been taken 19 times
  • The average score is 68 of 96
Answers on the Map
Answers color-coded by a green-red scale on the quiz's map according to % correct below.
 
Answer Stats
Answer % Correct
India
94%
Mexico
94%
Brazil
89%
Ireland
89%
Italy
89%
Madagascar
89%
Niger
89%
Pakistan
89%
Bolivia
83%
Ivory Coast
83%
Jamaica
83%
Nigeria
83%
Saudi Arabia
83%
South Africa
83%
Sudan
83%
Suriname
83%
Algeria
78%
Bangladesh
78%
Belarus
78%
Cameroon
78%
Ethiopia
78%
Hungary
78%
Iran
78%
Libya
78%
Lithuania
78%
Mali
78%
Mozambique
78%
Myanmar
78%
Portugal
78%
Republic of the Congo
78%
Senegal
78%
Sri Lanka
78%
Turkmenistan
78%
Afghanistan
72%
Benin
72%
Bulgaria
72%
Central African Republic
72%
Gambia
72%
Ghana
72%
Grenada
72%
Guinea
72%
Guinea-Bissau
72%
Guyana
72%
Iraq
72%
Kenya
72%
Malawi
72%
Maldives
72%
Mauritania
72%
Oman
72%
Rwanda
72%
Saint Kitts and Nevis
72%
Saint Vincent and the Grenadines
72%
South Sudan
72%
Tanzania
72%
Uzbekistan
72%
Zambia
72%
Zimbabwe
72%
Azerbaijan
67%
Burkina Faso
67%
Burundi
67%
Comoros
67%
Dominica
67%
Equatorial Guinea
67%
Haiti
67%
Jordan
67%
Mauritius
67%
Morocco
67%
Nicaragua
67%
Seychelles
67%
Sierra Leone
67%
Tajikistan
67%
Togo
67%
United Arab Emirates
67%
Belize
61%
Djibouti
61%
Dominican Republic
61%
Eritrea
61%
Gabon
61%
Lebanon
61%
Lesotho
61%
Namibia
61%
São Tomé and Príncipe
61%
Syria
61%
Vanuatu
61%
Cyprus
56%
Ecuador
56%
El Salvador
56%
Guatemala
56%
Kuwait
56%
Moldova
56%
Montenegro
56%
Paraguay
56%
San Marino
56%
Peru
50%
Solomon Islands
50%
Fiji
39%
No matching quizzes found
Score Distribution
Percent of People with Each Score
Percentile by Number Answered
Your Score History
You have not taken this quiz